| 000 | 01112cam a22002771 4500 | ||
|---|---|---|---|
| 001 | encounter00powe | ||
| 003 | CaSfIA | ||
| 005 | 20210118004403.0 | ||
| 007 | cr|||| | ||
| 008 | 780524s1950 nyu 000 1 eng | ||
| 035 | _9(DLC) 50008116 | ||
| 856 | 4 | 1 |
_uhttp://www.archive.org/details/encounter00powe _zFree eBook from the Internet Archive |
| 856 | 4 | 2 |
_uhttp://www.openlibrary.org/books/OL6069663M _zAdditional information and access via Open Library |
| 010 | _a 50008116 | ||
| 035 | _a(OCoLC)3924333 | ||
| 040 |
_aDLC _cMChB _dDLC _dCaSfIA |
||
| 042 | _apremarc | ||
| 050 | 0 | 0 |
_aPZ3.P8717 _bEn |
| 100 | 1 | _aPower, Crawford. | |
| 245 | 1 | 4 |
_aThe encounter. _h[electronic resource] |
| 260 |
_aNew York, _bSloane _c[1950] |
||
| 300 |
_a310 p. _c22 cm. |
||
| 942 | _cEB | ||
| 506 | _fНеобхідна авторизація на https://archive.org/ (створення облікового запису безкоштовно) | ||
| 506 | _fНеобхідна авторизація на https://openlibrary.org/ (створення облікового запису безкоштовно) | ||
| 999 |
_c492619 _d492619 |
||